Modrý kameň - pamiatková obnova hradu

Salvato in:
Dettagli Bibliografici
Autore principale: Ksiažeková, Veronika (Autore)
Altri autori: Hrašková, Nadežda (Relatore della tesi)
Natura: Manoscritto Libro
Lingua:slovacco
Pubblicazione: Bratislava 2019
Soggetti:
Accesso online:http://is.stuba.sk/zp/portal_zp.pl?podrobnosti=146782
Tags: Aggiungi Tag
Nessun Tag, puoi essere il primo ad aggiungerne!!

MARC

LEADER 00000ntm a22000003a 4500
001 stuzp73568
003 SK-STU
005 20200911073610.4
007 ta
008 150427s2015----xo-----f-mn---000-0-slo-d
040 |a STU  |b slo 
041 0 |a slo 
100 1 |a Ksiažeková, Veronika  |u 053130  |k Z4  |4 aut  |U FAD Fakulta architektúry  |T FA Ústav dejín a teórie architektúry a obnovy pamiatok  |X 65356  |U A3130  |Y 394  |7 65356 
242 0 1 |a Modrý Kameň - conservation and restoration of the castle  |y eng 
245 1 0 |a Modrý kameň - pamiatková obnova hradu 
260 |c 2019  |a Bratislava 
650 4 |a pamiatková obnova  |2 slo 
650 4 |a stredovek  |2 slo 
650 4 |a novotvar  |2 slo 
650 4 |a monument restoration  |2 eng 
650 4 |a castle  |2 eng 
650 4 |a Middle Ages  |2 eng 
700 1 |a Hrašková, Nadežda  |u 053130  |k Z1  |4 ths  |U FAD Fakulta architektúry  |T FA Ústav dejín a teórie architektúry a obnovy pamiatok  |X 498  |U A3130  |Y 394  |7 A000000498 
856 4 |u http://is.stuba.sk/zp/portal_zp.pl?podrobnosti=146782  |u https://opac.crzp.sk/?fn=detailBiblioForm&sid=9F8942B94996237AAAFC19F666DC